OECD observer

Salvato in:
Dettagli Bibliografici
Natura: Periodico
Lingua:inglese
Pubblicazione: Paris OECD 2017
Tags: Aggiungi Tag
Nessun Tag, puoi essere il primo ad aggiungerne!!

MARC

LEADER 00000nas2a2200000 4500
001 0241482
005 20220303154113.4
022 |a 0029-7054 
041 0 |a eng 
044 |a FR 
245 1 0 |a OECD observer 
264 1 |a Paris  |b OECD  |c 2017 
773 0 |w eu_un_cat*s124315 
774 0 |w eu_un_cat*0282375